| 000 | nam a22 a 4500 | ||
|---|---|---|---|
| 999 |
_c3219 _d3219 |
||
| 005 | 20170522090031.0 | ||
| 008 | 170522b2008 my ||||| |||| 00| 0 may d | ||
| 020 | _a9789839187182 | ||
| 040 | _aAKMAL | ||
| 082 | _a658.312409595 PEM | ||
| 090 |
_a653.312409595 _bPEM |
||
| 245 |
_aPementoran Dalam Perkhidmatan Awam _bPanduan untuk Mentor dan Menti / |
||
| 260 |
_aMalaysia _bBahagian Pengurusan Psikologi _c2008 |
||
| 300 | _ccm | ||
| 942 |
_2ddc _cBOOK |
||